书目信息 |
| 题名: |
新家具图集
|
|
| 作者: | 吴进 编绘 | |
| 分册: | ||
| 出版信息: | 天津 天津人民美术出版社 1980 |
|
| 页数: | 78页 | |
| 开本: | 25cm | |
| 丛书名: | ||
| 单 册: | ||
| 中图分类: | TS654 | |
| 科图分类: | ||
| 主题词: | 家具--图集 , 木材加工 | |
| 电子资源: | ||
| ISBN: | ||
| 000 | 00610nam0 2200241 45 | |
| 001 | 0180003496 | |
| 005 | 20060413105316.53 | |
| 010 | @dCNY0.45 | |
| 091 | @a8073.50157 | |
| 100 | @a19950224d1980 em y0chiy0121 ea | |
| 101 | 0 | @achi |
| 102 | @aCN@b120000 | |
| 105 | @ay z 000yy | |
| 200 | 10 | @a新家具图集@Axin jia ju tu ji@f吴进编绘@Fwu jin bian hui |
| 210 | @a天津@c天津人民美术出版社@d1980 | |
| 215 | @a78页@d25cm | |
| 606 | @a家具@x图集 | |
| 606 | 0 | @a木材加工 |
| 690 | @aTS654@v3 | |
| 701 | 0 | @a吴进@Awu jin@4编绘 |
| 801 | 2 | @aCN@bNLC@c20060413 |
| 801 | 0 | @aCN@bTSSF |
| 905 | @a10447@dTS654@e14 | |
| 新家具图集/吴进编绘.-天津:天津人民美术出版社,1980 |
| 78页;25cm |
| ISBN :CNY0.45 |
| ● |
| 相关链接 |
|
|
|
|
正题名:新家具图集
索取号:TS654/14
 
预约/预借
| 序号 | 登录号 | 条形码 | 馆藏地/架位号 | 状态 | 备注 |
| 1 | 0059698 | 202257770 | 密集书库/ [索取号:TS654/14] | 在馆 | |
| 2 | 0277009 | 202172932 | 密集书库/ [索取号:TS654/14] | 在馆 |